Letters from Assyrian scholars to the kings Esarhaddon and Assurbanipal / 1 Texts
| Format: | Print Book |
|---|---|
| Language: | English |
| Subito Delivery Service: | Order now. |
| Check availability: | HBZ Gateway |
| WorldCat: | WorldCat |
| Interlibrary Loan: | Interlibrary Loan for the Fachinformationsdienste (Specialized Information Services in Germany) |
| Published: |
Neukirchen-Vluyn
Neukirchener Verl. d. Erziehungsvereins
1970
Neukirchen-Vluyn Butzon & Bercker ; Neukirchener Verlag 1970 |
| In: |
Letters from Assyrian scholars to the kings Esarhaddon and Assurbanipal
Year: 1970 |
| Series/Journal: | Alter Orient und Altes Testament
5,1 |
| Standardized Subjects / Keyword chains: | B
Assyria
/ History 1700 BC-637 BC
B Sumerian language / Akkadian language / Spring |
| RelBib Classification: | TC Pre-Christian history ; Ancient Near East |
MARC
| LEADER | 00000cam a2200000 cc4500 | ||
|---|---|---|---|
| 001 | 1072643774 | ||
| 003 | DE-627 | ||
| 005 | 20250203151951.0 | ||
| 007 | tu | ||
| 008 | 850101s1970 xx ||||| 00| ||eng c | ||
| 020 | |a 3766686488 |9 3-7666-8648-8 | ||
| 035 | |a (DE-627)1072643774 | ||
| 035 | |a (DE-576)002643774 | ||
| 035 | |a (DE-599)BSZ002643774 | ||
| 035 | |a (OCoLC)1451111511 | ||
| 035 | |a (OCoLC)58627696 | ||
| 040 | |a DE-627 |b ger |c DE-627 |e rakwb | ||
| 041 | |a eng | ||
| 082 | 0 | |a 492;935 | |
| 084 | |a 6,22 |a 1 |2 ssgn | ||
| 084 | |a 1 |2 ssgn | ||
| 245 | 0 | 0 | |a Letters from Assyrian scholars to the kings Esarhaddon and Assurbanipal |n 1 |p Texts |c hrsg. von Simo Parpola |
| 264 | 1 | |a Neukirchen-Vluyn |b Neukirchener Verl. d. Erziehungsvereins |c 1970 | |
| 264 | 1 | |a Neukirchen-Vluyn |b Butzon & Bercker ; Neukirchener Verlag |c 1970 | |
| 300 | |a XX, 341 S. | ||
| 336 | |a Text |b txt |2 rdacontent | ||
| 337 | |a ohne Hilfsmittel zu benutzen |b n |2 rdamedia | ||
| 338 | |a Band |b nc |2 rdacarrier | ||
| 361 | 1 | |5 DE-18-303 |y 4563281972 |s 4-AS/ EM 2800 P257 L6-1 |o Vorbesitz |a Renger, Johannes |0 (DE-588)121653331 |0 (DE-627)08144611X |0 (DE-576)213846241 |f Autogramm |f Notiz |k 1970 | |
| 490 | 1 | |a Alter Orient und Altes Testament |v 5,1 | |
| 500 | |a Texte in engl. und neuassyrischer Sprache | ||
| 583 | 1 | |a Archivierung/Langzeitarchivierung gewährleistet |f SSG |x XA-DE-BW |2 pdager |5 DE-21 | |
| 652 | |a TC | ||
| 689 | 0 | 0 | |d g |0 (DE-588)4003285-1 |0 (DE-627)10639004X |0 (DE-576)208851011 |2 gnd |a Assyrien |
| 689 | 0 | 1 | |q z |2 gnd |a Geschichte v1700-v637 |
| 689 | 0 | |5 (DE-627) | |
| 689 | 1 | 0 | |d s |0 (DE-588)4078069-7 |0 (DE-627)106078429 |0 (DE-576)209207329 |2 gnd |a Sumerisch |
| 689 | 1 | 1 | |d s |0 (DE-588)4084837-1 |0 (DE-627)106064053 |0 (DE-576)209223626 |2 gnd |a Akkadisch |
| 689 | 1 | 2 | |d s |0 (DE-588)4135952-5 |0 (DE-627)105661236 |0 (DE-576)209665084 |2 gnd |a Quelle |
| 689 | 1 | |5 (DE-627) | |
| 773 | 1 | 8 | |a Letters from Assyrian scholars to the kings Esarhaddon and Assurbanipal |w (DE-627)1072643766 |w (DE-576)002643766 |g 1 |q 1 |7 nnam |
| 830 | 0 | |a Alter Orient und Altes Testament |v 5,1 |9 5,1 |w (DE-627)129292370 |w (DE-576)01447350X |w (DE-600)120640-0 |x 0931-4296 |7 am | |
| 889 | |w (DE-576)52007212X | ||
| 889 | |w (DE-627)159007212X | ||
| 935 | |a mteo |a BIIN | ||
| 951 | |a MV | ||
| BIB | |a 1 | ||
| ELC | |b 1 | ||
| ITA | |a 1 |t 1 | ||
| LOK | |0 000 xxxxxcx a22 zn 4500 | ||
| LOK | |0 001 201993695X | ||
| LOK | |0 003 DE-627 | ||
| LOK | |0 004 1072643774 | ||
| LOK | |0 005 20110913173502 | ||
| LOK | |0 008 010115||||||||||||||||ger||||||| | ||
| LOK | |0 040 |a DE-21 |c DE-627 |d DE-21 | ||
| LOK | |0 852 |a DE-21 | ||
| LOK | |0 852 1 |c 10 B 642-1 |9 00 | ||
| LOK | |0 935 |a konv |a alto | ||
| LOK | |0 936ln |a t17.3 | ||
| LOK | |0 939 |a 15-01-01 |b l01 | ||
| LOK | |0 000 xxxxxcx a22 zn 4500 | ||
| LOK | |0 001 2019936968 | ||
| LOK | |0 003 DE-627 | ||
| LOK | |0 004 1072643774 | ||
| LOK | |0 005 20070202143435 | ||
| LOK | |0 008 960712||||||||||||||||ger||||||| | ||
| LOK | |0 040 |a DE-21-31 |c DE-627 |d DE-21-31 | ||
| LOK | |0 541 |e 35347 | ||
| LOK | |0 852 |a DE-21-31 | ||
| LOK | |0 852 1 |c Ce X 1-5,1 |m p |9 00 | ||
| LOK | |0 935 |a kneu | ||
| LOK | |0 938 |k p | ||
| LOK | |0 939 |a 12-07-96 |b l01 | ||
| LOK | |0 000 xxxxxcx a22 zn 4500 | ||
| LOK | |0 001 2509505610 | ||
| LOK | |0 003 DE-627 | ||
| LOK | |0 004 1072643774 | ||
| LOK | |0 005 20090216172408 | ||
| LOK | |0 008 060601||||||||||||||||ger||||||| | ||
| LOK | |0 040 |a DE-21-11 |c DE-627 |d DE-21-11 | ||
| LOK | |0 541 |e A70-150 | ||
| LOK | |0 852 |a DE-21-11 | ||
| LOK | |0 852 1 |c AOR C AOAT 5-1 |m p |9 00 | ||
| LOK | |0 935 |a k011 |a i011 |a kneu |a aori | ||
| LOK | |0 938 |k p | ||
| LOK | |0 939 |a 01-06-06 |b l01 | ||
| LOK | |0 000 xxxxxcx a22 zn 4500 | ||
| LOK | |0 001 3060382441 | ||
| LOK | |0 003 DE-627 | ||
| LOK | |0 004 1072643774 | ||
| LOK | |0 005 20240303204220 | ||
| LOK | |0 008 240303||||||||||||||||ger||||||| | ||
| LOK | |0 035 |a (DE-Tue135-1)57624 | ||
| LOK | |0 040 |a DE-Tue135-1 |c DE-627 |d DE-Tue135-1 | ||
| LOK | |0 852 |a DE-Tue135-1 | ||
| LOK | |0 852 1 |c AT04747 |m p |9 00 | ||
| LOK | |0 852 2 |b Z 4/19 |9 00 | ||
| LOK | |0 935 |a iMON | ||
| LOK | |0 936ln |0 1442053569 |a TC | ||
| LOK | |0 938 |k p | ||
| LOK | |0 939 |a 11-03-19 |b l12 | ||
| ORI | |a SA-MARC-ixtheoa001.raw | ||
| REL | |a 1 | ||
| STA | 0 | 0 | |a Akkadian language,Assyria,Spring,Spring,Source,Sources,Sumerian language |
| STB | 0 | 0 | |a Akkadien,Source,Source,Source,Sources,Sumérien |
| STC | 0 | 0 | |a Acádio,Fuente,Fuente,Fuente,Sumerio |
| STD | 0 | 0 | |a Accadico,Sorgente,Sorgente,Fonte,Sumero |
| STE | 0 | 0 | |a 泉,泉,来源,出处,泉源,泉源 |
| STF | 0 | 0 | |a 泉,泉,來源,出處,泉源,泉源,苏美尔语,阿卡德語 |
| STG | 0 | 0 | |a Acádio,Fonte,Fonte,Fonte,Sumério |
| STH | 0 | 0 | |a Аккадский (язык),Источник (гидрология, мотив),Источник (гидрология),Источник,Шумерский |
| STI | 0 | 0 | |a Ακκαδική γλώσσα,Πηγή (υδρολογία, μοτίβο),Πηγή (υδρολογία),Πηγή,Σουμεριακή γλώσσα |
| SUB | |a BIB |a REL | ||
| SYG | 0 | 0 | |a Assyrisches Reich,Reich Assur , Neusumerisch,Altsumerisch , Assyrisch-Babylonisch,Babylonisch-Assyrisch,Ostsemitisch , Quellen,Akten,Augenzeugenbericht,Texte,Historische Quelle,Geschichtsquelle,Quellensammlung,Quellen |
| TIM | |a 099983000101_099993631231 |b Geschichte v1700-v637 | ||



